000 00950nam a22002897a 4500
003 CHAP
005 20220329141602.0
008 971013s r 00010 d
010 _a70545
011 _a71517
035 _a81071
040 _cCHAP
082 _a338.1
_bB33
100 0 0 _aBaldovinos de la Peña, Gabriel.
_99668
245 _aPosiciones agropecuarias a 1974 en la producción y el consumo
260 _aMéxico, D. F. :
_bAgronómica mexicana
300 _a94 h.
590 _aBATCH-UPD
_b10
_c20130110
_lUCH01
_h1046
590 _aBATCH-UPD
_b10
_c20130410
_lUCH01
_h0644
590 _aBATCH-UPD
_b10
_c20130914
_lUCH01
_h0531
590 _aCONVERSION
_b10
_c20130109
_lUCH01
_h1339
650 1 4 _aAgricultura
_xAspectos economicos
_zMexico.
_91312
650 1 4 _aProductos agrícolas
_xAspectos económicos
_zMéxico.
_991919
901 _aBK
942 _cLIBRO
949 _a338.1 B33
_bBC
_cLIBRO
_d33724000352837
_eLIBRO
_h60718
_i81071
_si
999 _c70545
_d70545